<?xml version="1.0" encoding="UTF-8"?>
<record
    xmlns:xsi="http://www.w3.org/2001/XMLSchema-instance"
    xsi:schemaLocation="http://www.loc.gov/MARC21/slim http://www.loc.gov/standards/marcxml/schema/MARC21slim.xsd"
    xmlns="http://www.loc.gov/MARC21/slim">

  <leader>     nam a22     7a 4500</leader>
  <datafield tag="999" ind1=" " ind2=" ">
    <subfield code="c">259204</subfield>
    <subfield code="d">259204</subfield>
  </datafield>
  <controlfield tag="003">IT-MiCISF</controlfield>
  <controlfield tag="008">161219b        xxu||||| |||| 00| 0 eng d</controlfield>
  <datafield tag="020" ind1=" " ind2=" ">
    <subfield code="a">9788873132431</subfield>
  </datafield>
  <datafield tag="040" ind1=" " ind2=" ">
    <subfield code="c">IT-MiCISF</subfield>
  </datafield>
  <datafield tag="041" ind1=" " ind2=" ">
    <subfield code="a">it</subfield>
  </datafield>
  <datafield tag="100" ind1=" " ind2=" ">
    <subfield code="a">Pesenti Luca</subfield>
    <subfield code="9">56073</subfield>
  </datafield>
  <datafield tag="245" ind1=" " ind2=" ">
    <subfield code="a">Politiche sociali e sussidiariet&#xE0;</subfield>
    <subfield code="b">I modelli, gli attori, le esperienze</subfield>
  </datafield>
  <datafield tag="260" ind1=" " ind2=" ">
    <subfield code="a">Roma</subfield>
    <subfield code="b">Edizioni Lavoro</subfield>
    <subfield code="c">2008</subfield>
  </datafield>
  <datafield tag="300" ind1=" " ind2=" ">
    <subfield code="a">pp. 164</subfield>
  </datafield>
  <datafield tag="500" ind1=" " ind2=" ">
    <subfield code="a">politiche-sociali, politica-familiare, welfare, terzo-settore, servizi-infanzia, lavoro, famiglia, previdenze-per-famiglia</subfield>
  </datafield>
  <datafield tag="520" ind1=" " ind2=" ">
    <subfield code="a">Le politiche sociali stanno cambiando. L'epoca della sussidiariet&#xE0; rimette in discussione i modelli tradizionali, aprendo la strada a nuovi soggetti che si affiancano da protagonisti a quelli di natura pubblica: la famiglia, il privato sociale, l'impresa. Il volume esamina le teorie e i modelli sulla riforma delle politiche sociali, per evidenziare gli elementi di innovazione del welfare italiano che emergono dall'analisi empirica: le buone prassi di riforma nelle pubbliche amministrazioni (regionali e locali); le tappe di sviluppo del settore non profit e la sua capacit&#xE0; di creare buoni servizi e opportunit&#xE0; occupazionali; la conciliazione tra famiglia e lavoro, vista dal lato dell'offerta pubblica (politiche family friendly) e dell'offerta privata (servizi di welfare aziendale). Collegando il dibattito teorico internazionale alla messa in luce dei segnali di mutamento osservabili nella realt&#xE0; del paese, l'autore fornisce un contributo originale a un tema oggi di grande rilevanza.</subfield>
  </datafield>
  <datafield tag="650" ind1=" " ind2=" ">
    <subfield code="a">politica-familiare</subfield>
    <subfield code="9">56074</subfield>
  </datafield>
  <datafield tag="654" ind1=" " ind2=" ">
    <subfield code="a">saggio</subfield>
  </datafield>
  <datafield tag="942" ind1=" " ind2=" ">
    <subfield code="2">ddc</subfield>
    <subfield code="c">BK</subfield>
  </datafield>
  <datafield tag="952" ind1=" " ind2=" ">
    <subfield code="0">0</subfield>
    <subfield code="1">0</subfield>
    <subfield code="2">ddc</subfield>
    <subfield code="4">0</subfield>
    <subfield code="6">B_7299_000000000000000</subfield>
    <subfield code="7">1</subfield>
    <subfield code="a">CISF</subfield>
    <subfield code="b">CISF</subfield>
    <subfield code="d">2016-12-19</subfield>
    <subfield code="l">0</subfield>
    <subfield code="o">b7299</subfield>
    <subfield code="r">2016-12-19 00:00:00</subfield>
    <subfield code="w">2016-12-19</subfield>
    <subfield code="y">BK</subfield>
  </datafield>
</record>
